00302pab a2200121 454500008004000000100002500040245003100065260000900096300001300105362001100118650001700129773003400146180718b2008 xxu||||| |||| 00| 0 eng d aBaru, Rama V. et al. aFull meal or package deal? c2008 ap.20-22. a14 Jun aSchool meals aEconomic and Political Weekly